00273nam a2200109Ia 4500008004100000041000800041082001200049100001800061245003300079260002700112300002400139240624s9999 xx 000 0 und d aeng a823 TOL aTOLKIEN J R R aLORD OF THE RINGS THE HOBBIT c2004aBostonbHoughton a272 : p. : cm. ; 22